[Event "ODJM C 2023"]
[Site "Willingen GER"]
[Date "2023.06.02"]
[Round "8"]
[White "Vöcking, Laura"]
[Black "Kulgemeyer, Justus"]
[Result "1-0"]
[Termination "normal"]
[Board "23"]
[WhiteElo "1282"]
[BlackElo "1106"]
[WhiteClock "00:08:12"]
[BlackClock "01:12:18"]
[PlyCount "105"]
[WhiteFideId "16287630"]
[BlackFideId "34623671"]
[EventCountry "GER"]
[EventRounds "9"]
[EventType "swiss"]
[EventDate "2023.05.27"]

1. e4 {[%clk 01:30:57]} {[%emt 00:00:02]} c5 {[%clk 01:30:53]} {[%emt
00:00:08]} 2. Nc3 {[%clk 01:31:16]} {[%emt 00:00:11]} e6 {[%clk 01:31:18]}
{[%emt 00:00:05]} 3. f4 {[%clk 01:30:41]} {[%emt 00:01:04]} Nc6 {[%clk
01:31:30]} {[%emt 00:00:18]} 4. Nf3 {[%clk 01:30:04]} {[%emt 00:01:06]} Qc7
{[%clk 01:31:46]} {[%emt 00:00:14]} 5. d4 {[%clk 01:28:50]} {[%emt 00:01:44]}
a6 {[%clk 01:32:02]} {[%emt 00:00:14]} 6. Be3 {[%clk 01:26:13]} {[%emt
00:03:07]} cxd4 {[%clk 01:31:57]} {[%emt 00:00:35]} 7. Nxd4 {[%clk 01:25:44]}
{[%emt 00:00:59]} Nf6 {[%clk 01:32:16]} {[%emt 00:00:11]} 8. e5 {[%clk
01:22:44]} {[%emt 00:03:30]} Nd5 {[%clk 01:31:23]} {[%emt 00:01:23]} 9. Nxd5
{[%clk 01:20:23]} {[%emt 00:02:51]} exd5 {[%clk 01:31:32]} {[%emt 00:00:21]}
10. Nf3 {[%clk 01:17:44]} {[%emt 00:03:09]} b5 {[%clk 01:31:01]} {[%emt
00:01:00]} 11. Bd3 {[%clk 01:04:42]} {[%emt 00:13:32]} Bb7 {[%clk 01:31:05]}
{[%emt 00:00:26]} 12. O-O {[%clk 00:57:18]} {[%emt 00:07:54]} Be7 {[%clk
01:30:13]} {[%emt 00:01:23]} 13. c3 {[%clk 00:54:46]} {[%emt 00:03:02]} O-O
{[%clk 01:30:00]} {[%emt 00:00:41]} 14. Qc2 {[%clk 00:53:08]} {[%emt 00:02:08]}
g6 {[%clk 01:28:47]} {[%emt 00:01:43]} 15. Rae1 {[%clk 00:50:28]} {[%emt
00:03:11]} b4 {[%clk 01:26:55]} {[%emt 00:02:22]} 16. f5 {[%clk 00:47:20]}
{[%emt 00:03:38]} bxc3 {[%clk 01:27:00]} {[%emt 00:00:24]} 17. bxc3 {[%clk
00:46:09]} {[%emt 00:01:41]} Rfe8 {[%clk 01:23:42]} {[%emt 00:03:48]} 18. Kh1
{[%clk 00:39:47]} {[%emt 00:06:52]} Nxe5 {[%clk 01:19:58]} {[%emt 00:04:15]}
19. Nxe5 {[%clk 00:35:41]} {[%emt 00:04:36]} Qxe5 {[%clk 01:18:50]} {[%emt
00:01:38]} 20. Bc5 {[%clk 00:29:55]} {[%emt 00:06:17]} Qxe1 {[%clk 01:11:21]}
{[%emt 00:07:59]} 21. Rxe1 {[%clk 00:28:59]} {[%emt 00:01:26]} Bxc5 {[%clk
01:10:48]} {[%emt 00:01:03]} 22. Re2 {[%clk 00:24:03]} {[%emt 00:05:26]} Rac8
{[%clk 01:09:42]} {[%emt 00:01:36]} 23. h3 {[%clk 00:16:56]} {[%emt 00:07:37]}
Bd4 {[%clk 01:09:13]} {[%emt 00:00:58]} 24. Qb3 {[%clk 00:15:30]} {[%emt
00:01:56]} Bxc3 {[%clk 01:05:50]} {[%emt 00:03:52]} 25. Rxe8+ {[%clk 00:15:28]}
{[%emt 00:00:32]} Rxe8 {[%clk 01:06:02]} {[%emt 00:00:19]} 26. Qxc3 {[%clk
00:15:48]} {[%emt 00:00:10]} d4 {[%clk 01:06:08]} {[%emt 00:00:23]} 27. Qb3
{[%clk 00:14:30]} {[%emt 00:01:48]} Rb8 {[%clk 01:05:38]} {[%emt 00:00:59]} 28.
Kh2 {[%clk 00:13:49]} {[%emt 00:01:12]} Kg7 {[%clk 01:05:46]} {[%emt 00:00:22]}
29. Bxa6 {[%clk 00:13:46]} {[%emt 00:00:33]} gxf5 {[%clk 01:05:53]} {[%emt
00:00:23]} 30. Bxb7 {[%clk 00:12:16]} {[%emt 00:01:59]} d3 {[%clk 01:06:01]}
{[%emt 00:00:22]} 31. Qc3+ {[%clk 00:11:50]} {[%emt 00:00:56]} Kg6 {[%clk
01:06:14]} {[%emt 00:00:17]} 32. Bf3 {[%clk 00:11:56]} {[%emt 00:00:25]} h5
{[%clk 01:05:59]} {[%emt 00:00:45]} 33. Qxd3 {[%clk 00:11:44]} {[%emt
00:00:42]} Rb2 {[%clk 01:06:04]} {[%emt 00:00:25]} 34. Qxd7 {[%clk 00:09:51]}
{[%emt 00:02:23]} Rxa2 {[%clk 01:06:20]} {[%emt 00:00:14]} 35. Bd5 {[%clk
00:09:52]} {[%emt 00:00:29]} Ra5 {[%clk 01:06:33]} {[%emt 00:00:17]} 36. Bxf7+
{[%clk 00:09:40]} {[%emt 00:00:42]} Kg5 {[%clk 01:06:46]} {[%emt 00:00:17]} 37.
Qd2+ {[%clk 00:10:01]} {[%emt 00:00:09]} Kf6 {[%clk 01:06:54]} {[%emt
00:00:21]} 38. Qxa5 {[%clk 00:10:11]} {[%emt 00:00:20]} h4 {[%clk 01:07:18]}
{[%emt 00:00:06]} 39. Qd5 {[%clk 00:09:31]} {[%emt 00:01:10]} f4 {[%clk
01:07:38]} {[%emt 00:00:10]} 40. Qe6+ {[%clk 00:08:29]} {[%emt 00:01:32]} Kg7
{[%clk 01:08:03]} {[%emt 00:00:06]} 41. Qg4+ {[%clk 00:06:32]} {[%emt
00:02:27]} Kxf7 {[%clk 01:08:22]} {[%emt 00:00:11]} 42. Qxf4+ {[%clk 00:06:52]}
{[%emt 00:00:10]} Kg7 {[%clk 01:08:45]} {[%emt 00:00:07]} 43. Qxh4 {[%clk
00:07:04]} {[%emt 00:00:18]} Kg6 {[%clk 01:09:07]} {[%emt 00:00:08]} 44. Kg3
{[%clk 00:07:23]} {[%emt 00:00:11]} Kg7 {[%clk 01:09:30]} {[%emt 00:00:07]} 45.
Kg4 {[%clk 00:07:21]} {[%emt 00:00:32]} Kg6 {[%clk 01:09:52]} {[%emt 00:00:07]}
46. Kf4 {[%clk 00:06:47]} {[%emt 00:01:03]} Kg7 {[%clk 01:10:12]} {[%emt
00:00:10]} 47. Qh5 {[%clk 00:06:52]} {[%emt 00:00:25]} Kf6 {[%clk 01:10:35]}
{[%emt 00:00:07]} 48. Qe5+ {[%clk 00:07:01]} {[%emt 00:00:21]} Kg6 {[%clk
01:10:58]} {[%emt 00:00:07]} 49. Qf5+ {[%clk 00:07:03]} {[%emt 00:00:28]} Kg7
{[%clk 01:11:21]} {[%emt 00:00:07]} 50. Kg5 {[%clk 00:07:11]} {[%emt 00:00:22]}
Kg8 {[%clk 01:11:38]} {[%emt 00:00:13]} 51. Qd7 {[%clk 00:07:30]} {[%emt
00:00:11]} Kh8 {[%clk 01:11:56]} {[%emt 00:00:13]} 52. Kg6 {[%clk 00:07:48]}
{[%emt 00:00:13]} Kg8 {[%clk 01:12:18]} {[%emt 00:00:08]} 53. Qg7# {[%clk
00:08:12]} {[%emt 00:00:05]} 1-0

[Event "ODJM C 2023"]
[Site "Willingen GER"]
[Date "2023.06.02"]
[Round "8"]
[White "Moissl, Julian"]
[Black "Moissl, Felix"]
[Result "1/2-1/2"]
[Termination "normal"]
[Board "24"]
[WhiteElo "1160"]
[BlackElo "1390"]
[WhiteClock "00:33:29"]
[BlackClock "00:54:42"]
[PlyCount "65"]
[WhiteFideId "16295129"]
[BlackFideId "34623574"]
[EventCountry "GER"]
[EventRounds "9"]
[EventType "swiss"]
[EventDate "2023.05.27"]

1. d4 {[%clk 01:30:52]} {[%emt 00:00:07]} d5 {[%clk 01:30:53]} {[%emt
00:00:08]} 2. c4 {[%clk 01:30:58]} {[%emt 00:00:25]} c6 {[%clk 01:31:17]}
{[%emt 00:00:06]} 3. Nc3 {[%clk 01:31:06]} {[%emt 00:00:21]} dxc4 {[%clk
01:31:02]} {[%emt 00:00:45]} 4. Bf4 {[%clk 01:30:15]} {[%emt 00:01:21]} Nf6
{[%clk 01:30:02]} {[%emt 00:01:31]} 5. e3 {[%clk 01:29:30]} {[%emt 00:01:15]}
b5 {[%clk 01:30:02]} {[%emt 00:00:30]} 6. a4 {[%clk 01:29:06]} {[%emt
00:00:54]} b4 {[%clk 01:25:58]} {[%emt 00:04:34]} 7. Nb1 {[%clk 01:26:34]}
{[%emt 00:03:02]} Bf5 {[%clk 01:21:05]} {[%emt 00:05:23]} 8. Bxc4 {[%clk
01:24:43]} {[%emt 00:02:21]} e6 {[%clk 01:20:07]} {[%emt 00:01:28]} 9. Nd2
{[%clk 01:21:27]} {[%emt 00:03:46]} Nbd7 {[%clk 01:17:09]} {[%emt 00:03:28]}
10. Ngf3 {[%clk 01:18:21]} {[%emt 00:03:37]} Nh5 {[%clk 01:12:07]} {[%emt
00:05:32]} 11. Bg5 {[%clk 01:10:35]} {[%emt 00:08:15]} Be7 {[%clk 01:11:11]}
{[%emt 00:01:26]} 12. Bxe7 {[%clk 01:05:36]} {[%emt 00:05:29]} Qxe7 {[%clk
01:11:24]} {[%emt 00:00:17]} 13. h3 {[%clk 01:04:27]} {[%emt 00:01:39]} Nhf6
{[%clk 01:09:51]} {[%emt 00:02:03]} 14. Nh4 {[%clk 01:04:06]} {[%emt 00:00:51]}
Be4 {[%clk 01:07:36]} {[%emt 00:02:45]} 15. Nxe4 {[%clk 01:03:36]} {[%emt
00:01:00]} Nxe4 {[%clk 01:07:57]} {[%emt 00:00:08]} 16. Nf3 {[%clk 01:03:59]}
{[%emt 00:00:07]} O-O {[%clk 01:06:37]} {[%emt 00:01:50]} 17. O-O {[%clk
01:02:34]} {[%emt 00:01:56]} Ndf6 {[%clk 01:06:16]} {[%emt 00:00:51]} 18. Qc2
{[%clk 01:00:35]} {[%emt 00:02:29]} Qd7 {[%clk 01:04:14]} {[%emt 00:02:32]} 19.
Bd3 {[%clk 00:55:49]} {[%emt 00:05:15]} Qd5 {[%clk 01:03:35]} {[%emt 00:01:08]}
20. Ne5 {[%clk 00:55:29]} {[%emt 00:00:51]} Rac8 {[%clk 01:01:35]} {[%emt
00:02:30]} 21. Rac1 {[%clk 00:52:39]} {[%emt 00:03:21]} c5 {[%clk 01:00:39]}
{[%emt 00:01:26]} 22. f3 {[%clk 00:48:46]} {[%emt 00:04:23]} Ng3 {[%clk
00:58:37]} {[%emt 00:02:32]} 23. Rfe1 {[%clk 00:48:20]} {[%emt 00:00:56]} Rc7
{[%clk 00:57:52]} {[%emt 00:01:15]} 24. Kh2 {[%clk 00:46:20]} {[%emt 00:02:29]}
Nfh5 {[%clk 00:57:10]} {[%emt 00:01:13]} 25. Bxh7+ {[%clk 00:43:21]} {[%emt
00:03:29]} Kh8 {[%clk 00:57:36]} {[%emt 00:00:04]} 26. Bd3 {[%clk 00:41:28]}
{[%emt 00:02:22]} Rfc8 {[%clk 00:57:48]} {[%emt 00:00:18]} 27. Ba6 {[%clk
00:39:28]} {[%emt 00:02:31]} cxd4 {[%clk 00:55:07]} {[%emt 00:03:11]} 28. Nxf7+
{[%clk 00:35:30]} {[%emt 00:04:27]} Kg8 {[%clk 00:55:06]} {[%emt 00:00:31]} 29.
Qg6 {[%clk 00:34:57]} {[%emt 00:01:03]} Rxc1 {[%clk 00:54:17]} {[%emt
00:01:19]} 30. Rxc1 {[%clk 00:35:05]} {[%emt 00:00:22]} Rxc1 {[%emt 00:00:41]}
31. Nh6+ {[%clk 00:35:17]} {[%emt 00:00:15]} Kh8 {[%clk 00:54:19]} {[%emt
00:00:20]} 32. Nf7+ {[%clk 00:33:11]} {[%emt 00:02:37]} Kg8 {[%clk 00:54:42]}
{[%emt 00:00:06]} 33. Nh6+ {[%clk 00:33:29]} {[%emt 00:00:12]} 1/2-1/2

[Event "ODJM C 2023"]
[Site "Willingen GER"]
[Date "2023.06.02"]
[Round "8"]
[White "Neininger, Pascal"]
[Black "Tarasenko, Ruslan"]
[Result "1-0"]
[Termination "normal"]
[Board "25"]
[WhiteElo "1156"]
[BlackElo "1087"]
[WhiteClock "01:13:40"]
[BlackClock "00:47:49"]
[PlyCount "35"]
[WhiteFideId "34640860"]
[BlackFideId "34166343"]
[EventCountry "GER"]
[EventRounds "9"]
[EventType "swiss"]
[EventDate "2023.05.27"]

1. e4 {[%clk 01:30:55]} {[%emt 00:00:04]} e5 {[%clk 01:30:11]} {[%emt
00:00:49]} 2. Nc3 {[%clk 01:31:14]} {[%emt 00:00:12]} Nc6 {[%clk 01:29:33]}
{[%emt 00:01:08]} 3. g3 {[%clk 01:31:33]} {[%emt 00:00:11]} Nf6 {[%clk
01:28:35]} {[%emt 00:01:29]} 4. Bg2 {[%clk 01:31:29]} {[%emt 00:00:34]} Bc5
{[%clk 01:27:08]} {[%emt 00:01:56]} 5. Nge2 {[%clk 01:31:52]} {[%emt 00:00:08]}
O-O {[%clk 01:26:02]} {[%emt 00:01:37]} 6. O-O {[%clk 01:32:11]} {[%emt
00:00:10]} a5 {[%clk 01:25:38]} {[%emt 00:00:54]} 7. h3 {[%clk 01:32:15]}
{[%emt 00:00:26]} d6 {[%clk 01:22:14]} {[%emt 00:03:55]} 8. Kh2 {[%clk
01:32:17]} {[%emt 00:00:27]} Ne7 {[%clk 01:16:09]} {[%emt 00:06:36]} 9. d4
{[%clk 01:28:42]} {[%emt 00:04:04]} exd4 {[%clk 01:11:43]} {[%emt 00:04:56]}
10. Nxd4 {[%clk 01:28:54]} {[%emt 00:00:18]} Be6 {[%clk 01:07:52]} {[%emt
00:04:20]} 11. Nxe6 {[%clk 01:26:02]} {[%emt 00:03:22]} fxe6 {[%clk 01:07:50]}
{[%emt 00:00:32]} 12. Bg5 {[%clk 01:22:47]} {[%emt 00:03:46]} Nd7 {[%clk
01:00:18]} {[%emt 00:08:03]} 13. Qg4 {[%clk 01:19:56]} {[%emt 00:03:20]} Ne5
{[%clk 00:57:52]} {[%emt 00:02:57]} 14. Qxe6+ {[%clk 01:18:43]} {[%emt
00:01:42]} Rf7 {[%clk 00:56:47]} {[%emt 00:01:35]} 15. Nd5 {[%clk 01:17:14]}
{[%emt 00:01:59]} N5c6 {[%clk 00:56:21]} {[%emt 00:00:56]} 16. f4 {[%clk
01:13:13]} {[%emt 00:04:30]} Nd4 {[%clk 00:51:11]} {[%emt 00:05:42]} 17. Nxe7+
{[%clk 01:13:31]} {[%emt 00:00:12]} Kh8 {[%clk 00:47:49]} {[%emt 00:03:51]} 18.
Qxf7 {[%clk 01:13:40]} {[%emt 00:00:20]} 1-0

[Event "ODJM C 2023"]
[Site "Willingen GER"]
[Date "2023.06.02"]
[Round "8"]
[White "Andrade, Levin"]
[Black "Hasselmann, Isabelle Sophia"]
[Result "0-1"]
[Termination "normal"]
[Board "26"]
[WhiteElo "840"]
[BlackElo "1110"]
[WhiteClock "01:09:15"]
[BlackClock "01:20:18"]
[PlyCount "66"]
[WhiteFideId "34660399"]
[BlackFideId "16266951"]
[EventCountry "GER"]
[EventRounds "9"]
[EventType "swiss"]
[EventDate "2023.05.27"]

1. e4 {[%clk 01:30:59]} e6 {[%clk 01:30:52]} {[%emt 00:00:09]} 2. d4 {[%clk
01:31:27]} {[%emt 00:00:02]} d5 {[%clk 01:31:19]} {[%emt 00:00:04]} 3. Bd3
{[%clk 01:31:50]} {[%emt 00:00:07]} c5 {[%clk 01:31:35]} {[%emt 00:00:14]} 4.
exd5 {[%clk 01:32:15]} {[%emt 00:00:04]} exd5 {[%clk 01:31:58]} {[%emt
00:00:07]} 5. c3 {[%emt 00:02:12]} Nc6 {[%clk 01:31:39]} 6. Nf3 {[%clk
01:31:24]} {[%emt 00:00:26]} Bg4 {[%clk 01:31:44]} {[%emt 00:00:25]} 7. Be3
{[%clk 01:31:00]} {[%emt 00:00:54]} Qb6 {[%clk 01:31:32]} {[%emt 00:00:42]} 8.
Qc2 {[%clk 01:29:00]} {[%emt 00:02:30]} Bxf3 {[%clk 01:28:27]} {[%emt
00:03:36]} 9. gxf3 {[%clk 01:29:04]} {[%emt 00:00:25]} cxd4 {[%clk 01:28:10]}
{[%emt 00:00:47]} 10. cxd4 {[%clk 01:28:14]} {[%emt 00:01:20]} Bb4+ {[%clk
01:28:17]} {[%emt 00:00:24]} 11. Nc3 {[%clk 01:28:10]} {[%emt 00:00:34]} Nf6
{[%clk 01:27:51]} {[%emt 00:00:56]} 12. a3 {[%clk 01:27:14]} {[%emt 00:01:26]}
Be7 {[%clk 01:26:55]} {[%emt 00:01:26]} 13. Qa4 {[%clk 01:25:50]} {[%emt
00:01:53]} Qxb2 {[%clk 01:26:18]} {[%emt 00:01:07]} 14. Rc1 {[%clk 01:22:53]}
{[%emt 00:03:27]} Qxa3 {[%clk 01:24:28]} {[%emt 00:02:21]} 15. Qxa3 {[%clk
01:22:17]} {[%emt 00:01:05]} Bxa3 {[%clk 01:24:54]} {[%emt 00:00:05]} 16. Rb1
{[%clk 01:22:37]} {[%emt 00:00:09]} Bb4 {[%clk 01:24:26]} {[%emt 00:00:58]} 17.
Bd2 {[%clk 01:22:22]} {[%emt 00:00:45]} a6 {[%clk 01:21:23]} {[%emt 00:03:33]}
18. O-O {[%clk 01:21:15]} {[%emt 00:01:37]} O-O {[%clk 01:19:45]} {[%emt
00:02:09]} 19. Kh1 {[%clk 01:21:20]} {[%emt 00:00:25]} b5 {[%clk 01:17:12]}
{[%emt 00:03:03]} 20. Rfd1 {[%clk 01:19:10]} {[%emt 00:02:39]} Ba5 {[%clk
01:16:24]} {[%emt 00:01:18]} 21. Nxd5 {[%clk 01:12:16]} {[%emt 00:07:23]} Nxd5
{[%clk 01:16:35]} {[%emt 00:00:20]} 22. Bxa5 {[%clk 01:12:10]} {[%emt
00:00:37]} Nxa5 {[%clk 01:16:54]} {[%emt 00:00:11]} 23. Be4 {[%clk 01:12:29]}
{[%emt 00:00:10]} Nc3 {[%clk 01:16:59]} {[%emt 00:00:27]} 24. Bxa8 {[%clk
01:12:42]} {[%emt 00:00:17]} Nxd1 {[%emt 00:00:08]} 25. Rxd1 {[%clk 01:12:46]}
{[%emt 00:00:23]} Rxa8 {[%clk 01:17:51]} {[%emt 00:00:03]} 26. d5 {[%clk
01:12:50]} {[%emt 00:00:26]} Rd8 {[%clk 01:18:00]} {[%emt 00:00:21]} 27. d6
{[%clk 01:12:56]} {[%emt 00:00:24]} Kf8 {[%clk 01:18:16]} {[%emt 00:00:14]} 28.
Kg2 {[%clk 01:13:02]} {[%emt 00:00:24]} Nc4 {[%clk 01:18:34]} {[%emt 00:00:13]}
29. d7 {[%clk 01:12:48]} {[%emt 00:00:43]} Ke7 {[%clk 01:18:57]} {[%emt
00:00:06]} 30. Kg3 {[%clk 01:13:03]} {[%emt 00:00:15]} Rxd7 {[%clk 01:19:24]}
{[%emt 00:00:03]} 31. Rxd7+ {[%clk 01:13:25]} {[%emt 00:00:08]} Kxd7 {[%clk
01:19:51]} {[%emt 00:00:03]} 32. Kg4 {[%clk 01:13:45]} {[%emt 00:00:10]} b4
{[%clk 01:20:18]} {[%emt 00:00:03]} 33. Kf4 {[%clk 01:09:15]} {[%emt 00:05:00]}
b3 {[%emt 00:04:19]} 0-1

[Event "ODJM C 2023"]
[Site "Willingen GER"]
[Date "2023.06.02"]
[Round "8"]
[White "Rafikov, Artur"]
[Black "Krömer, Antonius"]
[Result "0-1"]
[Termination "normal"]
[Board "27"]
[WhiteElo "1025"]
[BlackElo "1353"]
[WhiteClock "00:20:16"]
[BlackClock "00:51:18"]
[PlyCount "80"]
[WhiteFideId "34642676"]
[BlackFideId "34660518"]
[EventCountry "GER"]
[EventRounds "9"]
[EventType "swiss"]
[EventDate "2023.05.27"]

1. e4 {[%clk 01:30:58]} {[%emt 00:00:01]} d5 {[%clk 01:30:36]} {[%emt
00:00:24]} 2. exd5 {[%clk 01:31:20]} {[%emt 00:00:08]} Qxd5 {[%clk 01:30:58]}
{[%emt 00:00:09]} 3. Nc3 {[%clk 01:31:39]} {[%emt 00:00:11]} Qa5 {[%clk
01:31:21]} {[%emt 00:00:07]} 4. d4 {[%clk 01:32:01]} {[%emt 00:00:09]} Nf6
{[%clk 01:31:42]} {[%emt 00:00:09]} 5. Bc4 {[%clk 01:30:28]} {[%emt 00:02:02]}
Bg4 {[%clk 01:31:17]} {[%emt 00:00:55]} 6. f3 {[%clk 01:28:25]} {[%emt
00:02:33]} Bd7 {[%clk 01:31:26]} {[%emt 00:00:19]} 7. Bd2 {[%clk 01:25:59]}
{[%emt 00:02:57]} Qb6 {[%clk 01:29:47]} {[%emt 00:02:09]} 8. b3 {[%clk
01:13:37]} {[%emt 00:12:52]} Qxd4 {[%clk 01:29:50]} {[%emt 00:00:27]} 9. Qe2
{[%clk 00:56:12]} {[%emt 00:17:55]} e6 {[%clk 01:23:56]} {[%emt 00:06:25]} 10.
a3 {[%clk 00:53:56]} {[%emt 00:02:46]} a6 {[%clk 01:20:09]} {[%emt 00:04:17]}
11. Nh3 {[%clk 00:50:36]} {[%emt 00:03:50]} Bd6 {[%clk 01:11:16]} {[%emt
00:09:24]} 12. Nf2 {[%clk 00:49:20]} {[%emt 00:01:45]} O-O {[%clk 01:09:42]}
{[%emt 00:02:05]} 13. O-O {[%clk 00:46:53]} {[%emt 00:02:56]} Qh4 {[%clk
01:09:19]} {[%emt 00:00:52]} 14. g3 {[%clk 00:45:43]} {[%emt 00:01:40]} Qh5
{[%clk 01:08:05]} {[%emt 00:01:44]} 15. Nfe4 {[%clk 00:37:53]} {[%emt
00:08:22]} Nxe4 {[%clk 01:01:17]} {[%emt 00:07:18]} 16. Qxe4 {[%clk 00:36:08]}
{[%emt 00:02:14]} Bc6 {[%clk 01:01:02]} {[%emt 00:00:46]} 17. Qe2 {[%clk
00:34:02]} {[%emt 00:02:35]} Nd7 {[%clk 01:00:35]} {[%emt 00:00:58]} 18. Qe3
{[%clk 00:32:51]} {[%emt 00:01:40]} b6 {[%clk 01:00:29]} {[%emt 00:00:37]} 19.
a4 {[%clk 00:30:21]} {[%emt 00:03:01]} Bc5 {[%clk 01:00:51]} {[%emt 00:00:08]}
20. Rae1 {[%clk 00:27:24]} {[%emt 00:03:26]} Bxe3+ {[%clk 01:01:08]} {[%emt
00:00:13]} 21. Rxe3 {[%clk 00:27:28]} {[%emt 00:00:25]} Nf6 {[%clk 00:59:57]}
{[%emt 00:01:43]} 22. Rf2 {[%clk 00:27:18]} {[%emt 00:00:39]} Qf5 {[%clk
00:59:02]} {[%emt 00:01:25]} 23. Bd3 {[%clk 00:27:18]} {[%emt 00:00:30]} Qh5
{[%clk 00:58:01]} {[%emt 00:01:31]} 24. Rf1 {[%clk 00:27:00]} {[%emt 00:00:48]}
Qh3 {[%clk 00:57:46]} {[%emt 00:00:45]} 25. Rf2 {[%clk 00:27:09]} {[%emt
00:00:22]} Rfd8 {[%clk 00:57:36]} {[%emt 00:00:40]} 26. Rf1 {[%clk 00:25:45]}
{[%emt 00:01:53]} Rd7 {[%clk 00:56:43]} {[%emt 00:01:23]} 27. Rf2 {[%clk
00:25:42]} {[%emt 00:00:31]} h6 {[%clk 00:56:52]} {[%emt 00:00:22]} 28. Rf1
{[%clk 00:25:45]} {[%emt 00:00:27]} Rad8 {[%clk 00:57:05]} {[%emt 00:00:18]}
29. Rf2 {[%clk 00:25:36]} {[%emt 00:00:39]} g6 {[%clk 00:55:45]} {[%emt
00:01:49]} 30. Rf1 {[%clk 00:24:53]} {[%emt 00:01:13]} Kg7 {[%clk 00:54:18]}
{[%emt 00:01:58]} 31. Rf2 {[%clk 00:24:44]} {[%emt 00:00:39]} h5 {[%clk
00:54:24]} {[%emt 00:00:24]} 32. Ree2 {[%clk 00:23:49]} {[%emt 00:01:24]} h4
{[%clk 00:53:34]} {[%emt 00:01:20]} 33. gxh4 {[%clk 00:23:47]} {[%emt
00:00:31]} Qxh4 {[%clk 00:53:42]} {[%emt 00:00:23]} 34. Re3 {[%clk 00:23:28]}
{[%emt 00:00:49]} Rh8 {[%clk 00:53:30]} {[%emt 00:00:41]} 35. Ree2 {[%clk
00:22:58]} {[%emt 00:01:01]} Qh3 {[%clk 00:52:23]} {[%emt 00:01:37]} 36. Re3
{[%clk 00:22:52]} {[%emt 00:00:33]} Rd4 {[%clk 00:51:52]} {[%emt 00:01:04]} 37.
Kh1 {[%clk 00:22:12]} {[%emt 00:01:11]} Rf4 {[%clk 00:51:28]} {[%emt 00:00:54]}
38. Rxe6 {[%clk 00:20:44]} {[%emt 00:01:57]} Rxf3 {[%clk 00:51:00]} {[%emt
00:00:57]} 39. Ree2 {[%clk 00:20:16]} {[%emt 00:00:59]} Rxf2+ {[%emt 00:00:11]}
40. Kg1 Qg2# {[%clk 00:51:18]} 0-1